| Tag |
First Indicator |
Second Indicator |
Subfields |
| LEADER |
00000cam a2200000 4500 |
| 001 |
in00000062367 |
| 005 |
20151008051716.0 |
| 008 |
740426s1917 enk b 00000 eng u |
| 010 |
|
|
|a 17015183
|
| 035 |
|
|
|a (OCoLC)00870574
|
| 035 |
|
|
|9 AAG9537AM
|
| 040 |
|
|
|c CWR
|d TXA
|d UtOrBLW
|
| 049 |
|
|
|a TXAM
|c [10765]
|
| 050 |
0 |
0 |
|a JL28
|b .R55
|
| 092 |
|
|
|a 342.71
|b R54
|
| 100 |
1 |
|
|a Riddell, William Renwick,
|d 1852-1945.
|
| 245 |
1 |
4 |
|a The constitution of Canada in its history and practical working, by William Renwick Riddell ...
|
| 264 |
|
1 |
|a New Haven :
|b Yale University Press,
|c 1917.
|
| 300 |
|
|
|a xi, 170 pages ;
|c 20 cm.
|
| 336 |
|
|
|a text
|b txt
|2 rdacontent
|
| 337 |
|
|
|a unmediated
|b n
|2 rdamedia
|
| 338 |
|
|
|a volume
|b nc
|2 rdacarrier
|
| 490 |
1 |
|
|a Yale lectures on the responsibilities of citizenship
|
| 500 |
|
|
|a "Four lectures in the Dodge foundation." - Pref.
|
| 504 |
|
|
|a Bibliography: pages [ix]-x.
|
| 651 |
|
0 |
|a Canada
|x Constitutional history.
|
| 830 |
|
0 |
|a Yale lectures on the responsibilities of citizenship.
|
| 999 |
|
|
|a MARS
|
| 999 |
f |
f |
|s bac5b83f-f3b9-302d-b73a-885c82b8fcc3
|i e9f66ac1-2ddf-396e-9887-7e4441365487
|t 0
|
| 952 |
f |
f |
|p ric
|a Texas A&M University
|b Rellis Campus
|c Joint Library Facility
|d Remote Storage
|t 0
|e JL28 .R55
|h Library of Congress classification
|i unmediated -- volume
|m A14800787447
|
| 998 |
f |
f |
|a JL28 .R55
|t 0
|l Remote Storage
|